| 000 | 00000nam##2200000za#4500 |
| 001 | 9.681232 |
| 003 | CaOODSP |
| 005 | 20240209132638 |
| 007 | ta |
| 008 | 150407|1999||||xxc||||| f|0| 0 fre|d |
| 020 | |a0-662-84972-8 |
| 040 | |aCaOODSP|bfre |
| 043 | |an-cn--- |
| 086 | 1 |aC89-4/72-1999F |
| 110 | 2 |aAgence de promotion économique du Canada atlantique. |
| 245 | 10|aSources du financement par emprunt des petites et moyennes entreprises de la région de l'Atlantique / |cpar Theresa Shutt et Pierre Vanasse. Publié par le Conference Board du Canada. |
| 260 | |aOttawa - Ontario : |bAgence de promotion économique du Canada atlantique |c1999. |
| 300 | |a43p. : |bgraphiques, tableaux ; |c28 cm. |
| 500 | |aComprend un appendice. |
| 563 | |aCouverture souple |
| 590 | |a00-42|b2000-10-20 |
| 691 | 07|aPetite entreprise|2gcpds |
| 691 | 07|aDette|2gcpds |
| 691 | 07|aPrêt hypothécaire|2gcpds |
| 691 | 07|aPrêt à l'entreprise|2gcpds |
| 720 | 1 |aShutt, Theresa |
| 720 | 1 |aVanasse, Pierre |
| 775 | 08|tSources of SME business debt financing in Atlantic Canada / |w(CaOODSP)9.647853 |
| 776 | 0#|tSources du financement par emprunt des petites et moyennes entreprises de la région de l'Atlantique / |w(CaOODSP)9.639371 |